| 000 | 00455cam a2200169ua 4500 | ||
|---|---|---|---|
| 020 | _c425.00 | ||
| 041 |
_aeng _h |
||
| 082 |
_a532.02 _bBAL/FU |
||
| 100 | _aBalachandran, P . | ||
| 245 |
_aFundamentals of compressible fluid dynamics / _cP Balachandran. _hTextual Documents |
||
| 260 |
_aNew Delhi : _bPrentice Hall of India Pvt Ltd. , _c2006. |
||
| 300 | _a576 ; . | ||
| 365 | _a425.00 | ||
| 504 | _a | ||
| 942 | _cBK | ||
| 999 |
_c13349 _d13349 |
||